000 00660nam a2200241 i 4500
001 C2-0282199
003 PPAK
005 20180728012622.0
008 071002s1980 nyua|||| ||||| | eng d
020 _a0590465651
040 _aPPAK
_beng
_cPPAK
_erda
082 0 4 _a305.23
_223
090 0 0 _a305.23
_bFRE
_dRLCK
100 1 _aFreedman, Russell,
_eauthor
245 1 0 _aImmigrant kids
264 1 _aNew York :
_bScholastic ,
_c1980
300 _a72 pages :
_billustrations ;
_c26 cm
336 _2rdacontent
_atext
337 _2rdamedia
_aunmediated
338 _2rdacarrier
_avolume
650 1 0 _aChildrens of imigrant - United States
942 _ddc
_cB
999 _c88478
_d88478